000 00917nam a2200301Ia 4500
003 OSt
005 20221006160217.0
006 a|||||r|||| 00| 0
007 ta
008 221006b |||||||| |||| 00| 0 eng d
020 _a9788971992883
_c
_27.00
024 _a44,623
037 _bGift, Window on Korea
_cTextual
040 _aEASL
_cEASL
_beng
041 _2eng
_aeng
082 _aQ4v495, P7
100 _aLee Moon -ok Tr.
_9666349
245 0 _aField guide to history
_b Gyeongju
260 _aGyeonggi-do
_bDolbegae Publishers Korea
_c2007
300 _a276p.
_ccm.
490 _v KEL
650 _a KEL
650 _a Korea - Mounts and Lakes
_9672420
650 _a Korea - Mt Nang and Toham
_9672421
650 _aKorea - Gampo Coast - Mt Hamwol - Deokdong Lake
_9672422
942 _hQ4v495, P7
_cTEXL
_2CC
999 _c1112715
_d1112715